Determinants of Emergency Buffer for Households in Slovakia

Život prináša nepredvídateľné situácie a neočakávané udalosti, ako sú mimoriadne výdavky či náhla strata príjmu, ktoré môžu nastať kedykoľvek. Táto štúdia má za cieľ podporiť kvalitnejšie finančné rozhodovanie jednotlivcov, ktorí si uvedomujú význam finančnej rezervy ako kľúčovej súčasti efektívneho...

Ausführliche Beschreibung

Gespeichert in:
Bibliographische Detailangaben
1. Verfasser: Paracka, Miloslav, 1974-
Format: Buchkapitel
Sprache:Englisch
Schlagworte:
Tags: Tag hinzufügen
Keine Tags, Fügen Sie das erste Tag hinzu!

MARC

LEADER 00000naa$a2200000$$$4500
001 0306180
005 20250116082156.0
041 0 |a eng 
044 |a CZ 
245 1 0 |a Determinants of Emergency Buffer for Households in Slovakia  |c Miloslav Paracka 
520 |a Život prináša nepredvídateľné situácie a neočakávané udalosti, ako sú mimoriadne výdavky či náhla strata príjmu, ktoré môžu nastať kedykoľvek. Táto štúdia má za cieľ podporiť kvalitnejšie finančné rozhodovanie jednotlivcov, ktorí si uvedomujú význam finančnej rezervy ako kľúčovej súčasti efektívneho riadenia osobných financií. Zameriavame sa na identifikáciu faktorov ovplyvňujúcich tvorbu finančnej rezervy domácností na Slovensku. 
610 2 0 |a domácnosti 
610 2 0 |a výdavky domácností 
610 2 0 |a rezervy finančné 
610 2 0 |a príjmy 
610 2 0 |a Slovensko 
100 1 |a Paracka, Miloslav, 1974-